000
00346 a2200157 4500
001
191621
020
_a
978-85-16-06654-3
040
_c
Magnum
100
_a
Grimm, Wilhelm
240
1
0
_a
João e maria
_l
por
245
1
0
_a
João e maria
300
_a
29
440
1
_a
Moderna
697
_a
LITERATURA INFANTO-JUVENIL ESTRANGEIRA
942
_c
BK
999
_c
191621
_d
191621